| 000 | 00000nam##2200000za#4500 |
| 001 | 9.681813 |
| 003 | CaOODSP |
| 005 | 20200330071951 |
| 007 | ta |
| 008 | 150407|2002||||xxc||||| f|0| 0 fre|d |
| 040 | |aCaOODSP|bfre |
| 043 | |an-cn--- |
| 086 | 1 |aJS79-1/2001F |
| 110 | 1 |aCanada.|bCommission des plaintes du public contre la GRC. |
| 245 | 10|aRapport intérimaire de la Commission : |bà la suite de l'audience publique sur les plaintes concernant les incidents survenus au cours des manifestations ayant eu lieu dans le cadre de la conférence de Coopération économique Asie-Pacifique (APEC) en novembre 1997 à Vancouver (C.-B.) sur le campus de l'Université de la Colombie-Britannique (UBC) et aux détachements de la GRC à l'UBC et à Richmond / |ccommissaire: Ted Hughes. |
| 260 | |aOttawa - Ontario : |bCommission des plaintes du public contre la GRC |c2002. |
| 300 | |axiii, 450p. (Annexe I à VII en pagination multiple.) ; |c28 cm. |
| 500 | |a"Loi sur la Gendarmerie royale du Canada -- Partie VII, Paragraphe 45.45(14)".--Couverture. "Traduction du rapport original".--Couverture. Numéro du dossier: PC6910-199801. |
| 520 | 3 |aLoi sur la Gendarmerie royale du Canada -- Partie VII, Paragraphe 45.45(14).--Couverture Traduction du rapport original.--Couverture |
| 563 | |aReliure à anneaux |
| 590 | |a02-15|b2002-04-12 |
| 691 | 07|aCoopération internationale|2gcpds |
| 691 | 07|aPlainte|2gcpds |
| 691 | 07|aCongrès|2gcpds |
| 691 | 07|aAudience|2gcpds |
| 691 | 07|aService de police|2gcpds |
| 720 | 1 |aHughes, Ted |
| 775 | 08|tCommission interim report : |w(CaOODSP)9.648375 |